00423nam a2200169Ia 4500003000400000005001700004008004100021020001500062050002300077100002700100245003700127260003500164300003300199440000600232521000700238526000800245OSt20140326084542.0140130s9999 xx 000 0 und d a0439876400 aQC 980b.M379 2006 aMartin, Justine McCory cJustine McCory MartinaWeather / bScholastic,c2006.aNew York : a16 p. :bcol. ill. ;c22 cm. v1 aG8 c970